| 000 | 00451 a2200145 4500 | ||
|---|---|---|---|
| 999 |
_c3534 _d3534 |
||
| 020 | _a0582423325 | ||
| 050 | _aKD829 PAN 2001 | ||
| 100 |
_aPanesar, Sukhninder _eauthor |
||
| 245 |
_aGeneral principles of property law / _cSukhninder Panesar |
||
| 264 |
_aHarlow : _bLongman, _c2001 |
||
| 300 | _axvi, 253 p. : | ||
| 500 | _aIncludes bibliographical references and index | ||
| 650 |
_aReal property -- _xGreat britain |
||
| 942 |
_2lcc _cBK _h829 _iPAN _kKD |
||